<?xml version="1.0" encoding="UTF-8"?>
<collection xmlns="http://www.loc.gov/MARC21/slim">
 <record>
  <leader>01097nam a22002177a 4500</leader>
  <controlfield tag="001">NCT_150786</controlfield>
  <controlfield tag="008">230603b        xxu||||| |||| 00| 0 vie d</controlfield>
  <datafield tag="999" ind1=" " ind2=" ">
   <subfield code="c">7793</subfield>
   <subfield code="d">7793</subfield>
  </datafield>
  <datafield tag="020" ind1=" " ind2=" ">
   <subfield code="a">9786045667934</subfield>
   <subfield code="c">159000</subfield>
  </datafield>
  <datafield tag="082" ind1="0" ind2="4">
   <subfield code="2">23rd ed.</subfield>
   <subfield code="a">331.7</subfield>
   <subfield code="b">A291</subfield>
  </datafield>
  <datafield tag="100" ind1="1" ind2=" ">
   <subfield code="a">Aiken, Sean</subfield>
  </datafield>
  <datafield tag="245" ind1="1" ind2="0">
   <subfield code="a">Thử thách 52 nghề mỗi tuần 1 nghề bạn có dám không?</subfield>
   <subfield code="b">= The one-week job pproject 1 man. 1 year. 52 job</subfield>
   <subfield code="c">Sean Aiken ; Nguyễn Minh Nhật (dịch)</subfield>
  </datafield>
  <datafield tag="260" ind1=" " ind2=" ">
   <subfield code="a">H.</subfield>
   <subfield code="b">Phụ nữ</subfield>
   <subfield code="c">2019</subfield>
  </datafield>
  <datafield tag="300" ind1=" " ind2=" ">
   <subfield code="a">415 tr.</subfield>
   <subfield code="c">23cm</subfield>
  </datafield>
  <datafield tag="490" ind1="0" ind2=" ">
   <subfield code="a">Tủ sách hướng nghiệp</subfield>
  </datafield>
  <datafield tag="520" ind1="3" ind2=" ">
   <subfield code="a">Nội dung của cuốn sách là kỹ năng sống dành cho những ai muốn trải nghiệm nhiều nghề qua câu chuyện của tác giả Sean Aiken trong 52 tuần. </subfield>
  </datafield>
  <datafield tag="653" ind1=" " ind2=" ">
   <subfield code="a">Tham khảo</subfield>
  </datafield>
  <datafield tag="700" ind1="1" ind2=" ">
   <subfield code="a">Nguyễn Minh Nhật</subfield>
   <subfield code="e">Dịch</subfield>
  </datafield>
  <datafield tag="942" ind1=" " ind2=" ">
   <subfield code="2">ddc</subfield>
   <subfield code="c">BK</subfield>
  </datafield>
  <datafield tag="952" ind1=" " ind2=" ">
   <subfield code="0">0</subfield>
   <subfield code="1">0</subfield>
   <subfield code="2">ddc</subfield>
   <subfield code="4">0</subfield>
   <subfield code="6">331_700000000000000_A291</subfield>
   <subfield code="7">0</subfield>
   <subfield code="9">27783</subfield>
   <subfield code="a">000001</subfield>
   <subfield code="b">000001</subfield>
   <subfield code="d">2023-06-03</subfield>
   <subfield code="o">331.7 A291</subfield>
   <subfield code="p">TK.03400</subfield>
   <subfield code="r">2023-06-03</subfield>
   <subfield code="v">159000.00</subfield>
   <subfield code="w">2023-06-03</subfield>
   <subfield code="y">BK</subfield>
  </datafield>
  <datafield tag="980" ind1=" " ind2=" ">
   <subfield code="a">Thư viện Trường Đại học Nam Cần Thơ</subfield>
  </datafield>
 </record>
</collection>
